Sports Quiz

Random Sports or NHL Quiz

NHL Hart Trophy Votes Since 2000 Quiz Stats

 Plays Quiz Updated Oct 29, 2018

Score 0/186 Timer 20:00
10 Plays Today
Player % Correct
Sidney Crosby
95.8%
Alexander Ovechkin
93.5%
Evgeni Malkin
80.3%
Connor McDavid
77.4%
Joe Thornton
76.1%
Jaromir Jagr
75.2%
Martin St. Louis
74.7%
Martin Brodeur
72.4%
Henrik Sedin
71.9%
Joe Sakic
71.8%
Jarome Iginla
71.7%
Nicklas Lidstrom
71.6%
Taylor Hall
67.9%
Peter Forsberg
67.5%
William Karlsson
67.2%
Patrick Kane
67.2%
Zdeno Chara
66.6%
Pavel Datsyuk
65.7%
Henrik Zetterberg
64.9%
Vincent Lecavalier
64.8%
Chris Pronger
64.2%
Brad Richards
64.2%
Mike Richards
64.1%
Patrick Roy
63.4%
Dominik Hasek
62.5%
Steve Yzerman
62%
Roberto Luongo
61.9%
Eric Staal
61.6%
Mario Lemieux
61.4%
Dany Heatley
61.2%
Ilya Kovalchuk
60.8%
Teemu Selanne
60.7%
P.K. Subban
59.8%
Patrice Bergeron
59.7%
John Tavares
59.5%
Mike Modano
59.5%
Tim Thomas
59.5%
Daniel Alfredsson
59.3%
Rick Nash
58.9%
Auston Matthews
58.7%
Erik Karlsson
58%
Mats Sundin
57.5%
Brad Marchand
57.2%
Claude Giroux
56.7%
Steven Stamkos
56.3%
Nikita Kucherov
56.3%
Patrick Marleau
56.1%
Brent Burns
56%
Nathan MacKinnon
55.8%
Jamie Benn
54.7%
Marian Hossa
54.5%
Ryan Getzlaf
54.4%
Tyler Seguin
53.9%
Jonathan Quick
53%
Brett Hull
52%
Marian Gaborik
51.9%
Paul Kariya
50.9%
Jeff Carter
50.1%
Scott Niedermayer
49.3%
Nicklas Backstrom
48.7%
Jason Spezza
47.9%
Ryan Miller
47.7%
Player % Correct
Mike Smith
47.6%
Johnny Gaudreau
47%
Patrik Elias
46.9%
Jose Theodore
45.5%
Markus Naslund
45.3%
Zach Parise
45.3%
Aleksander Barkov
45.2%
Blake Wheeler
45%
Scott Stevens
44.7%
Duncan Keith
44.5%
Ryan Suter
44.3%
Anze Kopitar
44.3%
Vladimir Tarasenko
44.3%
Braden Holtby
44.1%
Joe Pavelski
43.6%
Pavel Bure
43.4%
Daniel Briere
43%
Victor Hedman
42.8%
Ryan O'Reilly
41.9%
Mike Green
41.1%
Brendan Shanahan
40.6%
Miikka Kiprusoff
40.4%
Sergei Fedorov
40.3%
Alexei Kovalev
40.3%
Cam Ward
40.3%
Rob Blake
39.9%
Sergei Bobrovsky
39.8%
Daniel Sedin
39.7%
Shea Weber
39.6%
Marc Savard
39.2%
Todd Bertuzzi
38.8%
Jonathan Toews
38.7%
Mark Giordano
38.5%
Jean-Sebastien Giguere
38.3%
Milan Hejduk
38.1%
Rod Brind'Amour
36.7%
Ed Belfour
36.7%
Chris Drury
36.7%
Artemi Panarin
36.6%
Patrick Sharp
36.4%
Evgeni Nabokov
36.3%
Mark Recchi
35.9%
Thomas Vanek
34.7%
Corey Perry
34.2%
Nikolai Khabibulin
34%
Marty Turco
33.9%
Drew Doughty
33.5%
Curtis Joseph
33.4%
Ron Francis
32.1%
Dion Phaneuf
31.8%
Sergei Gonchar
31.7%
Matt Duchene
31.7%
Andrei Vasilevskiy
31.1%
Dan Boyle
31.1%
Carey Price
30.7%
Mark Scheifele
30.4%
Henrik Lundqvist
30.3%
Antti Niemi
30%
Brian Gionta
29.8%
James Neal
29.6%
Tuukka Rask
29.6%
Marc-André Fleury
29.5%
Player % Correct
Jonathan Cheechoo
29.5%
Ben Bishop
29.3%
Brayden Point
29%
Steve Mason
28.5%
Chris Mason
28.4%
Simon Gagne
28.3%
Tomas Vokoun
28%
Evgeny Kuznetsov
27.9%
Dustin Byfuglien
27.7%
Alexei Yashin
27.1%
Mark Stone
27.1%
Doug Weight
26.3%
Sebastian Aho
26.2%
Olaf Kolzig
26.1%
David Backes
25.8%
Ilya Bryzgalov
25.8%
Al MacInnis
25.7%
Robert Lang
25.2%
Semyon Varlamov
24.9%
Peter Bondra
24.1%
Devan Dubnyk
23.6%
Chris Kunitz
23%
Adam Oates
22.9%
Pekka Rinne
22.4%
Cory Schneider
22.3%
Craig Anderson
22.1%
Owen Nolan
20.9%
Kris Letang
20.5%
Ryan Kesler
20.4%
Ray Whitney
19.4%
Paul Stastny
19.4%
Brian Elliott
18.8%
Alex Steen
18.8%
Cam Talbot
18.6%
Jordan Binnington
17%
Brian Campbell
16.7%
Patrick Lalime
14.5%
Mike Peca
13.7%
Connor Hellebuyck
13.5%
Tommy Salo
13.5%
Andrew Raycroft
13.2%
Cam Atkinson
12.6%
Keith Primeau
12.4%
Roman Cechmanek
12.3%
Jason Allison
11.4%
Arturs Irbe
11.3%
James Reimer
10.9%
Roman Turek
10.6%
Pascal Dupuis
10.3%
Kris Draper
9.6%
Radim Vrbata
9.5%
Sean Burke
9.5%
Keith Yandle
9.1%
Jiri Hudler
8.1%
Francois Beauchemin
7.7%
Gustav Nyquist
7.5%
Jeff O'Neill
7.5%
Chris Simon
6.3%
Andrew Hammond
6.3%
Marek Svatos
5.8%
Lubomir Visnovsky
5.3%
Darcy Kuemper
4.9%

You're not logged in!

Compare scores with friends on all Sporcle quizzes.
OR
Log In

Sporcle TV

Today on Sporcle TV


Watch our educational content, quiz creation guides, and fun videos on Sporcle TV.

Show Comments

Extras

Top Quizzes Today


Score Distribution

Your Account Isn't Verified!

In order to create a playlist on Sporcle, you need to verify the email address you used during registration. Go to your Sporcle Settings to finish the process.

Report this User

Report this user for behavior that violates our Community Guidelines.

Details: